| 000 | 01295nam a2200241Ia 4500 | ||
|---|---|---|---|
| 003 | Ost | ||
| 005 | 20260507075246.0 | ||
| 008 | 260507s9999||||xx |||||||||||||| ||und|| | ||
| 040 | _cfsecg | ||
| 041 | _aara | ||
| 082 | _a330 | ||
| 100 |
_aاسماعيل، اسماعيل خليل _eمؤلف |
||
| 245 | 0 |
_aالمحاسبة الحكومية / _c اسماعيل خليل اسماعيل |
|
| 260 |
_aعمان: _bدار اليازوري, _c2010 |
||
| 300 |
_a528 صفحة؛ _bإيضاحات ؛ _c24 سم |
||
| 504 | _aمراجع ص.525 | ||
| 520 | _aالاطار النظري للمحاسبة الحكومية ، النظام المحاسبي الحكومي الأردني ، التطبيقات العلمية و المعالجات القيدية للحسابات الحكومية : حسابات الموازنة الايرادات العامة ، حسابات النفقات والسلف و الامانات ، الحسابات الوسيطة الأخرى ، الحسابات الختامية و اخيرا التحليل المالي الحكومي . | ||
| 653 | _aالمحاسبة | ||
| 653 | _aالمحاسبة الحكومية | ||
| 653 | _aتدقيق الحسابات الحكومية- الأردن | ||
| 700 |
_aعدس، نائل حسن _eمؤلف ثانوي |
||
| 942 | _cكتاب | ||
| 999 |
_c43659 _d43659 |
||